Textbook of Forensic Nursing and Indian Laws (Record no. 358002)

MARC details
000 -LEADER
fixed length control field 00436nam a22001697a 4500
005 - DATE AND TIME OF LATEST TRANSACTION
control field 20240529145023.0
008 - FIXED-LENGTH DATA ELEMENTS--GENERAL INFORMATION
fixed length control field 240528b |||||||| |||| 00| 0 eng d
020 ## - INTERNATIONAL STANDARD BOOK NUMBER
International Standard Book Number 97815-43347-45-6
041 ## - LANGUAGE CODE
Language code of text/sound track or separate title English
082 ## - DEWEY DECIMAL CLASSIFICATION NUMBER
Classification number AD 614.1 ABO DB1244
100 ## - MAIN ENTRY--PERSONAL NAME
Author Abothu Pradeep
245 ## - TITLE STATEMENT
Title Textbook of Forensic Nursing and Indian Laws
260 ## - PUBLICATION, DISTRIBUTION, ETC.
Name of publisher, distributor, etc. S. Vikas & Co.
Date of publication, distribution, etc. 2023
Place of publication, distribution, etc. Jalandhar
300 ## - PHYSICAL DESCRIPTION
Extent 155p
365 ## - TRADE PRICE
Price amount 255.00
942 ## - ADDED ENTRY ELEMENTS (KOHA)
Koha item type Donated Book
Holdings
Withdrawn status Lost status Source of classification or shelving scheme Damaged status Not for loan Home library Current library Date acquired Net Price Bill number Total Checkouts Total Renewals Full call number Barcode Date last seen Date last checked out Bill Date Koha item type Original Barcode
    Dewey Decimal Classification     Smt. Bakul Tambat Institute of Nursing Education Smt. Bakul Tambat Institute of Nursing Education 27/05/2024 255.00 IK#2024-25#27 3 5 AD 614.1 ABO DB1244 BTIN-DB-1244 30/12/2024 16/12/2024 27/05/2024 Donated Book DB1244